Európa chce rásť a neničiť sa

Problematika znečisťovania životného prostredia a udržateľného rastu. Zmenšovanie zásob uhľovodíkov v Európe. Zameranie sa na zdrojovo efektívne technológie. Hľadanie rovnováhy medzi hospodárskymi, sociálnymi a ekologickými dimenziami. Zdanenie produktov, ktoré zaťažujú životné prostredie. Drahé rie...

Descrizione completa

Salvato in:
Dettagli Bibliografici
Autore principale: Žitňanský, Eduard
Natura: Capitolo di libro
Lingua:slovacco
Soggetti:
Tags: Aggiungi Tag
Nessun Tag, puoi essere il primo ad aggiungerne!!

MARC

LEADER 00000naa$a2200000$$$4500
001 0055305
005 20231009072101.1
041 0 |a slo 
044 |a SK 
245 1 0 |a Európa chce rásť a neničiť sa  |c Eduard Žitňanský 
520 |a Problematika znečisťovania životného prostredia a udržateľného rastu. Zmenšovanie zásob uhľovodíkov v Európe. Zameranie sa na zdrojovo efektívne technológie. Hľadanie rovnováhy medzi hospodárskymi, sociálnymi a ekologickými dimenziami. Zdanenie produktov, ktoré zaťažujú životné prostredie. Drahé riešenia. Čo vyžaduje Lisabonská stratégia. 
610 2 0 |a ochrana prostredia životného 
610 2 0 |a rozvoj hospodársky 
610 2 0 |a energetika 
610 2 0 |a zdroje energetické 
610 2 0 |a emisie 
610 2 0 |a zmeny klimatické 
610 2 0 |a Európska únia 
100 1 |a Žitňanský, Eduard